IELTS preparation and practice : reading and writing : academic module /

The reading test. The writing test. Test tips.

Gardado en:
Detalles Bibliográficos
Autor Principal: Sahanaya, Wendy, 1940-
Outros autores: Lindeck, Jeremy., Stewart, Richard.
Formato: Libro
Idioma:English
Publicado: Melbourne : Oxford University Press, 1998.
Những chủ đề:
Các nhãn: Engadir etiqueta
Sen Etiquetas, Sexa o primeiro en etiquetar este rexistro!
Thư viện lưu trữ: Mạng thư viện Đại học Đà Nẵng
LEADER 01375nam a2200373 a 4500
001 000042041
003 7417
005 20190916143235.0
008 171030s1998
020 |a 019554093X 
040 |a LNN 
041 0 |a eng 
082 1 4 |a 428  |b SA-W 
100 1 |a Sahanaya, Wendy,  |d 1940- 
245 0 0 |a IELTS preparation and practice :  |n reading and writing : academic module /  |c Wendy Sahanaya, Jeremy Lindeck, Richard Stewart. 
260 |a Melbourne :  |b Oxford University Press,  |c 1998. 
300 |a iv, 172 p. ;  |c 27.5cm. 
520 3 |a The reading test. The writing test. Test tips. 
630 0 4 |a English language. 
630 0 4 |a International English Language Testing Systems. 
650 0 4 |a English language  |x Examinations. 
650 0 4 |a International English Language Testing System. 
650 0 4 |a English language  |x Examinations, questions, etc. 
700 1 |a Lindeck, Jeremy. 
700 1 |a Stewart, Richard. 
OWN |a LNN 
AVA |a UDN50  |b LNN  |c English  |d 428 SA-W  |e available  |t Error 5001 Not defined in file expand_doc_bib_avail.  |f 1  |g 0  |h N  |i 0  |j AN  |k 1 
999 |a From the UDN01 
AVA |a UDN50  |b LNN  |c English  |d 428 SA-W  |e available  |t Error 5001 Not defined in file expand_doc_bib_avail.  |f 1  |g 0  |h N  |i 0  |j AN  |k 1 
TYP |a Monograph 
TYP |a Printed language 
980 |a Mạng thư viện Đại học Đà Nẵng